[Event "Chpt de Mque 02"]
[Site "?"]
[Date "????.??.??"]
[Round "?"]
[White "MARBOT, R."]
[Black "MEDEUF, Y."]
[Result "0-1"]
[WhiteElo "1810"]
[BlackElo "1960"]
[PlyCount "70"]

1. e4 c5 2. Nf3 Nc6 3. d4 cxd4 4. Nxd4 e5 5. Nb5 a6 6. Nd6+ Bxd6 7. Qxd6 Qf6 8.
Qa3 Qg6 9. Be3 Qxe4 10. Nc3 Qb4 11. Qxb4 Nxb4 12. O-O-O Ne7 13. Bc5 Nbc6 14. f4
d5 15. fxe5 Be6 16. Na4 Nxe5 17. Nb6 Rd8 18. Be2 f6 19. Rd2 Kf7 20. Rhd1 Rhe8
21. c4 Nd7 22. Bxe7 Rxe7 23. Nxd5 Bxd5 24. Bh5+ g6 25. Rxd5 gxh5 26. Rxh5 Ke8
27. Rhd5 Rc8 28. b3 b5 29. R5d4 bxc4 30. bxc4 Nb6 31. Kb1 Nxc4 32. R4d3 Re2 33.
Rc3 Rxg2 34. Rdc1 Rb8+ 35. Ka1 Rbb2 0-1

[Event "Chpt de Mque 02"]
[Site "?"]
[Date "????.??.??"]
[Round "?"]
[White "BURNET, S."]
[Black "MILLON DEVIGNE, P."]
[Result "1/2-1/2"]
[WhiteElo "1770"]
[BlackElo "1890"]
[PlyCount "41"]

1. Nf3 d5 2. b3 Bg4 3. e3 Nd7 4. Be2 h6 5. Bb2 e6 6. h3 Bh5 7. Ne5 Bxe2 8. Qxe2
c6 9. Nxd7 Qxd7 10. Nc3 e5 11. O-O-O O-O-O 12. Qg4 Qxg4 13. hxg4 g6 14. g5 Bg7
15. gxh6 Nxh6 16. Ne2 d4 17. exd4 exd4 18. Rh4 c5 19. Rdh1 Nf5 20. Rxh8 Rxh8
21. Rxh8+ 1/2-1/2

[Event "Chpt de Mque"]
[Site "?"]
[Date "????.??.??"]
[Round "4"]
[White "ANCIVAL, L."]
[Black "JEAN THEODORE, S."]
[Result "0-1"]
[WhiteElo "1760"]
[BlackElo "1830"]
[PlyCount "112"]

1. e4 c5 2. Nf3 e6 3. d4 cxd4 4. Nxd4 Nc6 5. c4 d6 6. Nc3 Nf6 7. Be2 Be7 8. O-O
O-O 9. Be3 Bd7 10. Qd2 a6 11. f3 Rc8 12. Rfd1 Qc7 13. a4 Na5 14. Qc2 Nxc4 15.
Bf2 Rfd8 16. Rdc1 Qb8 17. Nb3 d5 18. exd5 exd5 19. Nxd5 Nxd5 20. Bxc4 b5 21.
axb5 axb5 22. Qe4 bxc4 23. Nd4 Qd6 24. Bg3 Qc5 25. Bf2 Nf6 26. Qe2 Re8 27. Ra6
Bd6 28. Qc2 Qc7 29. h3 Be6 30. Nb5 Bh2+ 31. Kh1 Qb7 32. Rb6 Qd5 33. Kxh2 Bf5
34. Qc3 Nd7 35. Nd4 Nxb6 36. Nxf5 Qxf5 37. Bxb6 Qf4+ 38. Kg1 Re6 39. Bd4 Qg5
40. Ra1 Rce8 41. Bf2 Rg6 42. g4 Qd5 43. Kg2 h5 44. Kh1 hxg4 45. hxg4 Rge6 46.
Kg2 Re2 47. Kf1 Qd6 48. Re1 Rxe1+ 49. Bxe1 Qd1 50. Qd2 Qxf3+ 51. Bf2 Qxg4 52.
Bd4 Qh3+ 53. Kg1 Qg3+ 54. Kf1 Qd3+ 55. Qxd3 cxd3 56. Bc3 f5 0-1

[Event "Chpt de Mque"]
[Site "?"]
[Date "????.??.??"]
[Round "4"]
[White "LABARTHE, A."]
[Black "GOUAIT, R."]
[Result "1-0"]
[WhiteElo "2082"]
[BlackElo "1710"]
[PlyCount "116"]

1. d4 Nf6 2. c4 d6 3. Nc3 Nbd7 4. e4 e5 5. d5 g6 6. Be2 Bg7 7. Be3 a6 8. Qd2 b6
9. Bf3 Nc5 10. b4 Nb7 11. a4 a5 12. b5 Nc5 13. Qd1 h5 14. h3 Bh6 15. Bxh6 Rxh6
16. Nge2 Bd7 17. Nc1 Qe7 18. Nd3 Nxd3+ 19. Qxd3 O-O-O 20. O-O-O Nh7 21. Rd2 f5
22. Rhd1 Nf6 23. c5 fxe4 24. Qe3 Rh7 25. cxb6 Bf5 26. Be2 cxb6 27. Qxb6 Qc7 28.
Qe3 Kb7 29. b6 Qc5 30. Qxc5 dxc5 31. d6 Nd7 32. g4 hxg4 33. hxg4 e3 34. fxe3
Be6 35. Rb2 Rh3 36. Bd3 Nxb6 37. Be4+ Ka6 38. Nb5 Bd7 39. Nc7+ Ka7 40. Nb5+
Bxb5 41. Rxb5 Rxe3 42. Rxa5+ Kb8 43. Bxg6 Nc4 44. Rb5+ Ka7 45. Rxc5 Rc3+ 46.
Bc2 Rxc2+ 47. Kxc2 Ne3+ 48. Kc1 Nxd1 49. Kxd1 Rxd6+ 50. Ke2 e4 51. Rc4 Rd3 52.
Rxe4 Rg3 53. Kf2 Rc3 54. g5 Ka6 55. g6 Rc7 56. Rg4 Rg7 57. Kg3 Ka5 58. Kh4 Kb6
1-0

[Event "Chpt de Mque 02"]
[Site "?"]
[Date "????.??.??"]
[Round "4"]
[White "SUEZ PANAMA, G."]
[Black "RAPON , Carl loïc"]
[Result "1-0"]
[WhiteElo "2052"]
[BlackElo "1530"]
[PlyCount "63"]

1. d4 d5 2. Nf3 Nf6 3. c4 Bf5 4. cxd5 Bxb1 5. Rxb1 Qxd5 6. Qa4+ Qd7 7. Qc2 Nc6
8. e3 a6 9. a3 e6 10. Bd3 Be7 11. O-O h6 12. Rd1 Nd5 13. e4 Nb6 14. b4 O-O 15.
Bb2 f5 16. exf5 exf5 17. d5 Na7 18. Ne5 Qe8 19. Bxf5 Rxf5 20. Qxf5 Na4 21. Qe6+
Kh7 22. Ba1 Bf6 23. Qf5+ Kg8 24. Re1 Bxe5 25. Rxe5 Qf7 26. Qe4 Rf8 27. Rf1 Nb5
28. Re7 Nac3 29. Rxf7 Nxe4 30. Rxg7+ Kh8 31. Rxc7+ Nf6 32. Rxb7 1-0

[Event "Chpt de Mque"]
[Site "?"]
[Date "????.??.??"]
[Round "4"]
[White "CHANCEREL, D."]
[Black "ARICAT, M."]
[Result "1-0"]
[WhiteElo "1910"]
[BlackElo "1499"]
[PlyCount "37"]

1. e4 Nc6 2. Nf3 e5 3. Bc4 Bc5 4. c3 Nf6 5. d4 exd4 6. cxd4 Nxd4 7. Nxd4 Qe7 8.
O-O Nxe4 9. Nc3 O-O 10. Re1 Re8 11. Rxe4 Qd8 12. Bxf7+ Kxf7 13. Qh5+ Kg8 14.
Rxe8+ Qxe8 15. Qxe8+ Bf8 16. Nd5 h6 17. Ne7+ Kh7 18. Qxf8 h5 19. Qg8# 1-0

[Event "Chpt de Mque"]
[Site "?"]
[Date "????.??.??"]
[Round "4"]
[White "MEDEUF, J."]
[Black "MANUEL, S."]
[Result "1-0"]
[WhiteElo "1840"]
[BlackElo "1499"]
[PlyCount "31"]

1. Nf3 d6 2. d4 Nf6 3. Bg5 g6 4. Nbd2 Bg7 5. e3 O-O 6. Bd3 Qe8 7. c3 Nbd7 8.
Qc2 d5 9. O-O-O c5 10. Rde1 Ng4 11. Bh4 Nb6 12. h3 Nf6 13. g4 Be6 14. Bxf6 Bxf6
15. g5 Bg7 16. Nh2 1-0

[Event "Chpt de Mque"]
[Site "?"]
[Date "????.??.??"]
[Round "4"]
[White "BAGOE, S."]
[Black "ESVA , D."]
[Result "0-1"]
[WhiteElo "1520"]
[BlackElo "1790"]
[PlyCount "28"]

1. c4 e5 2. g3 Nf6 3. Bg2 Bc5 4. Nc3 O-O 5. e3 Nc6 6. a3 a5 7. Nge2 Re8 8. O-O
d6 9. d4 exd4 10. exd4 Ba7 11. Bg5 h6 12. Bf4 Bg4 13. Qd2 Qd7 14. Nb5 Rxe2 0-1

[Event "Chpt de Mque"]
[Site "?"]
[Date "????.??.??"]
[Round "4"]
[White "GAUTIER, J."]
[Black "GOUJOT, G."]
[Result "1-0"]
[WhiteElo "1710"]
[BlackElo "1490"]
[PlyCount "69"]

1. e4 e5 2. f4 f6 3. Bc4 g6 4. Nc3 d6 5. Nf3 Ne7 6. d3 Nbc6 7. a3 a6 8. f5 h5
9. Ng5 fxg5 10. Bxg5 Bh6 11. Bxh6 Rxh6 12. f6 Bg4 13. Qd2 Rh8 14. O-O Qd7 15.
fxe7 Nxe7 16. Bf7+ Kd8 17. Qg5 Be6 18. Qf6 Bxf7 19. Qxh8+ Be8 20. Rf8 c6 21. d4
exd4 22. Qxd4 Kc7 23. Rd1 Rd8 24. Na4 Nc8 25. e5 dxe5 26. Qxe5+ Nd6 27. Nc5 Qg4
28. Ne6+ Kc8 29. Rxd6 Rxd6 30. Rxe8+ Kd7 31. Nc5+ Kc7 32. Re7+ Kb6 33. Rxb7+
Ka5 34. Nb3+ Ka4 35. Qa5# 1-0

[Event "Chpt de Mque 02"]
[Site "?"]
[Date "????.??.??"]
[Round "4"]
[White "AGULIAN, D."]
[Black "CEPISUL, D."]
[Result "1-0"]
[WhiteElo "1499"]
[BlackElo "1700"]
[PlyCount "67"]

1. d4 d5 2. c4 c6 3. Nc3 Nf6 4. e3 e6 5. Nf3 Bd6 6. Bd3 a6 7. Qc2 Nbd7 8. Bd2
Nf8 9. e4 dxe4 10. Nxe4 Nxe4 11. Bxe4 f5 12. Bd3 Ng6 13. O-O O-O 14. Rfe1 Nf4
15. Bf1 Qf6 16. Ne5 Qh4 17. Bxf4 Qxf4 18. Nf3 Bd7 19. Rad1 Rf6 20. Ne5 Rd8 21.
g3 Qg5 22. c5 Bc7 23. Bc4 Bxe5 24. dxe5 Rff8 25. Qb3 f4 26. Rxd7 Rxd7 27. Bxe6+
Rdf7 28. Rd1 fxg3 29. hxg3 Qxe5 30. Bxf7+ Kh8 31. Qb6 Qe2 32. Rd8 Qe1+ 33. Kg2
Qe4+ 34. Kh2 1-0

[Event "Chpt de Mque"]
[Site "?"]
[Date "????.??.??"]
[Round "4"]
[White "MARCHAL, J."]
[Black "RUSTAL, D."]
[Result "1-0"]
[WhiteElo "1700"]
[BlackElo "1450"]
[PlyCount "39"]

1. d4 d5 2. Nf3 Bf5 3. c4 c6 4. Nc3 e6 5. Qb3 Qc7 6. cxd5 exd5 7. Bd2 Nf6 8.
Rc1 Be6 9. Ng5 Bd6 10. Nb5 Qd8 11. Nxe6 fxe6 12. Nxd6+ Qxd6 13. Qxb7 O-O 14.
Qxa8 Qd7 15. Bb4 Rc8 16. Bc5 Ne4 17. Qxa7 Qf7 18. Qxf7+ Kxf7 19. e3 Nd7 20. f3
1-0

[Event "Chpt de Mque"]
[Site "?"]
[Date "????.??.??"]
[Round "4"]
[White "BOURGEOIS, P."]
[Black "EDMOND, Y."]
[Result "0-1"]
[WhiteElo "1499"]
[BlackElo "1670"]
[PlyCount "136"]

1. e4 c5 2. Nf3 d6 3. h3 Nf6 4. Nc3 e6 5. d4 cxd4 6. Nxd4 a6 7. Bc4 Qc7 8. Qe2
Be7 9. O-O Nbd7 10. Bg5 b5 11. Bb3 Nc5 12. a3 Nxb3 13. Nxb3 Bb7 14. Nd2 Rc8 15.
Nf3 h6 16. Bh4 g5 17. Bg3 Nh5 18. e5 d5 19. Nd4 Nxg3 20. fxg3 Bc5 21. Qe3 Bxd4
22. Qxd4 Qc5 23. Rad1 Qxd4+ 24. Rxd4 Ke7 25. Rf2 Rc7 26. a4 Rc4 27. Rfd2 Bc6
28. axb5 axb5 29. Rxc4 bxc4 30. b3 cxb3 31. cxb3 Rb8 32. Rb2 Rb4 33. Na2 Re4
34. b4 Rxe5 35. b5 Bb7 36. Nb4 Re1+ 37. Kf2 Rc1 38. b6 Rc8 39. Ra2 Kd6 40. Ra7
Rb8 41. Ra5 Bc6 42. Ra7 Rb7 43. Ke3 e5 44. Na6 Rxb6 45. Nc7 d4+ 46. Kd3 Rb3+
47. Kc4 Rxg3 48. Nb5+ Bxb5+ 49. Kxb5 d3 50. Kc4 d2 51. Ra6+ Ke7 52. Ra7+ Ke6
53. Ra6+ Kf5 54. Rd6 Rxg2 55. Kc3 e4 56. Rxd2 Rxd2 57. Kxd2 Kf4 58. Ke2 f5 59.
Kf2 e3+ 60. Ke2 Ke4 61. Ke1 f4 62. Kf1 Kf3 63. Kg1 Ke2 64. h4 gxh4 65. Kh1 f3
66. Kh2 f2 67. Kh1 f1=Q+ 68. Kh2 Qf8 0-1

[Event "Chpt de Mque"]
[Site "?"]
[Date "????.??.??"]
[Round "4"]
[White "JEAN , L."]
[Black "LEFORT, P."]
[Result "1-0"]
[WhiteElo "1660"]
[BlackElo "1300"]
[PlyCount "73"]

1. e4 c5 2. Nf3 Nc6 3. d4 cxd4 4. Nxd4 Nf6 5. Nc3 e5 6. Ndb5 d6 7. Bg5 a6 8.
Bxf6 gxf6 9. Na3 b5 10. Nd5 Be6 11. Be2 Rg8 12. Bf3 Nd4 13. c3 Nxf3+ 14. Qxf3
Rg6 15. Nc2 Bg4 16. Qd3 Bh6 17. Nce3 Be6 18. g3 Rc8 19. O-O-O Bg4 20. Rd2 Bf3
21. Rf1 Qa5 22. Kb1 Qa4 23. b4 Rc6 24. Rc2 a5 25. Nf5 Bg2 26. Re1 Rg5 27. Nxf6+
Kf8 28. Nxh6 Kg7 29. f4 axb4 30. Qd5 Rc7 31. Ne8+ Kxh6 32. fxg5+ Kxg5 33. Nxc7
bxc3 34. Rxg2 Qb4+ 35. Qb3 c2+ 36. Kxc2 Qxe1 37. Qd3 1-0

[Event "Chpt de Mque"]
[Site "?"]
[Date "????.??.??"]
[Round "4"]
[White "MARCELINE, P."]
[Black "DEBLAY, M."]
[Result "1-0"]
[WhiteElo "1640"]
[BlackElo "1230"]
[PlyCount "45"]

1. e4 c5 2. Nc3 d6 3. Bc4 Nf6 4. f4 Nc6 5. Nf3 e6 6. Bb3 Be7 7. O-O a6 8. d3
Qb6 9. Kh1 h6 10. Ne2 Bd7 11. c3 Rg8 12. h3 Nh7 13. g4 Na5 14. Bc2 f5 15. d4
fxg4 16. hxg4 Nf8 17. f5 O-O-O 18. Nf4 Bb5 19. Bd3 Bxd3 20. Qxd3 e5 21. Nd5 Qa7
22. Nxe7+ Kb8 23. Nxg8 1-0

[Event "Chpt de Mque"]
[Site "?"]
[Date "????.??.??"]
[Round "4"]
[White "LOUISON, L."]
[Black "BELLUNE, S."]
[Result "1-0"]
[WhiteElo "1499"]
[BlackElo "1540"]
[PlyCount "53"]

1. e4 e5 2. Nf3 f5 3. Nc3 Nc6 4. Bb5 Nd4 5. O-O Nxb5 6. Nxb5 c6 7. Nc3 d6 8. d3
Nf6 9. Bg5 Be7 10. exf5 Bxf5 11. Nh4 Be6 12. Re1 Nd5 13. Bxe7 Qxe7 14. Nxd5
Bxd5 15. Nf5 Qf6 16. Ne3 Bf7 17. d4 O-O 18. dxe5 Qxe5 19. Nc4 Qf6 20. Nxd6 Rad8
21. Ne4 Qxb2 22. Qc1 Qd4 23. Ng5 Bd5 24. Qe3 Qf6 25. f3 Rfe8 26. Qxe8+ Rxe8 27.
Rxe8+ 1-0

[Event "Chpt de Mque"]
[Site "?"]
[Date "????.??.??"]
[Round "4"]
[White "MILTON, S."]
[Black "HARMENIL, K."]
[Result "0-1"]
[WhiteElo "1210"]
[BlackElo "1600"]
[PlyCount "33"]

1. d4 e6 2. c4 Nf6 3. Nf3 b6 4. e3 Bb7 5. Be2 Bd6 6. Nc3 a6 7. O-O O-O 8. Bd2
Ng4 9. h3 Nf6 10. Rc1 c5 11. dxc5 Bxc5 12. Qc2 d5 13. cxd5 exd5 14. Na4 Nfd7
15. Nc3 f5 16. Bc4 Nf6 17. Rfd1 0-1

[Event "Chpt de Mque"]
[Site "?"]
[Date "????.??.??"]
[Round "4"]
[White "MILTON, C."]
[Black "HARMENIL, B."]
[Result "1-0"]
[WhiteElo "1490"]
[BlackElo "1520"]
[PlyCount "71"]

1. e4 e6 2. d4 d5 3. Nd2 dxe4 4. Nxe4 b6 5. Nf3 Bb7 6. Bd3 Nd7 7. c3 Ngf6 8.
Nxf6+ Nxf6 9. Bg5 Be7 10. O-O Ne4 11. Qa4+ Kf8 12. Bxe7+ Qxe7 13. Rfe1 Nd6 14.
Re3 a6 15. Qc2 Qf6 16. Ne5 Rd8 17. Rae1 Ke7 18. f3 h5 19. Be4 Nxe4 20. fxe4 Qh6
21. Rg3 g5 22. Qa4 g4 23. Rf1 f6 24. Nc6+ Bxc6 25. Qxc6 Rd7 26. d5 exd5 27.
exd5 Rhd8 28. Qe6+ Kf8 29. Rxf6+ Qxf6 30. Qxf6+ Rf7 31. Qh8+ Ke7 32. Re3+ Kd7
33. Qxh5 Rdf8 34. Qxg4+ Kd8 35. Rf3 Rxf3 36. gxf3 1-0

[Event "Chpt de Mque"]
[Site "?"]
[Date "????.??.??"]
[Round "4"]
[White "DEBLAY, N."]
[Black "NERO, A."]
[Result "1-0"]
[WhiteElo "1250"]
[BlackElo "1499"]
[PlyCount "99"]

1. d4 Nf6 2. Nf3 d5 3. c4 e6 4. e3 c6 5. Nc3 Bb4 6. a3 Ba5 7. b4 Bc7 8. Bb2 O-O
9. Qc2 Nbd7 10. Bd3 dxc4 11. Bxc4 Nd5 12. Nxd5 exd5 13. Bd3 Nf6 14. h4 h5 15.
O-O-O Re8 16. Rde1 Ne4 17. Ng5 Bf5 18. f3 Ng3 19. Rhg1 Bxd3 20. Qxd3 Qf6 21.
Qh7+ Kf8 22. Qc2 Rxe3 23. Nh7+ Kg8 24. Nxf6+ gxf6 25. Rxe3 Bf4 26. Rge1 Re8 27.
Kb1 Rxe3 28. Rxe3 Bxe3 29. Bc1 Bxd4 30. Qd3 Be5 31. f4 Bb8 32. Qxg3+ Kf8 33.
Qf3 b6 34. Qxh5 Bd6 35. f5 Be5 36. Qh6+ Ke7 37. Bb2 Bxb2 38. Kxb2 c5 39. bxc5
bxc5 40. Qd2 Kd6 41. h5 d4 42. h6 Kd5 43. h7 c4 44. Qf4 c3+ 45. Kc2 a5 46. h8=Q
a4 47. Qd8+ Kc5 48. Qfd6+ Kb5 49. Q8b8+ Kc4 50. Qc6# 1-0

[Event "Chpt de Mque"]
[Site "?"]
[Date "????.??.??"]
[Round "4"]
[White "AUGUSTE, G."]
[Black "LAVAL, D."]
[Result "1-0"]
[WhiteElo "1570"]
[BlackElo "1260"]
[PlyCount "99"]

1. e4 e5 2. Nf3 d6 3. d3 Be7 4. c4 Bd7 5. Nc3 Nf6 6. Bg5 O-O 7. Be2 a6 8. Bxf6
Bxf6 9. Nd5 Nc6 10. O-O Nd4 11. Nxd4 exd4 12. Nxf6+ Qxf6 13. Bf3 c6 14. Re1 b5
15. cxb5 axb5 16. a3 Rfe8 17. Rc1 Rac8 18. Qd2 Re7 19. Re2 Qg6 20. Qf4 Re6 21.
Qg4 Qxg4 22. Bxg4 Re7 23. Bxd7 Rxd7 24. g3 Re7 25. Rce1 Rce8 26. Kg2 g6 27. h3
f5 28. Kf3 fxe4+ 29. Rxe4 Rf7+ 30. Kg2 Rxe4 31. Rxe4 c5 32. Re8+ Rf8 33. Rxf8+
Kxf8 34. b3 c4 35. bxc4 bxc4 36. dxc4 d3 37. Kf1 Ke8 38. Ke1 Kd7 39. Kd2 Kc6
40. Kxd3 Kc5 41. f4 h6 42. g4 d5 43. cxd5 Kxd5 44. a4 Kc5 45. f5 gxf5 46. gxf5
Kd5 47. a5 Ke5 48. a6 Kxf5 49. a7 Kf4 50. a8=Q 1-0

[Event "Chpt de Mque"]
[Site "?"]
[Date "????.??.??"]
[Round "4"]
[White "SABIN, J."]
[Black "GERMONT, A."]
[Result "0-1"]
[WhiteElo "1640"]
[BlackElo "1300"]
[PlyCount "148"]

1. d4 Nf6 2. Nc3 g6 3. e4 d6 4. Bf4 Nc6 5. Qd2 Nh5 6. Nf3 Nxf4 7. Qxf4 Bg7 8.
Bc4 e6 9. O-O-O Qf6 10. Qxf6 Bxf6 11. Nb5 Kd7 12. e5 Be7 13. Rhe1 d5 14. Bb3 a6
15. Nc3 Na5 16. Kb1 c6 17. g3 b5 18. Ne2 Nb7 19. c3 a5 20. Rc1 a4 21. Bc2 Na5
22. Nd2 Nc4 23. Nxc4 bxc4 24. a3 Bb7 25. f4 Rab8 26. g4 Bc8 27. Ka2 Rb7 28. f5
exf5 29. gxf5 Kc7 30. fxg6 hxg6 31. Rf1 Be6 32. Nf4 Bf5 33. Bxf5 gxf5 34. e6
fxe6 35. Nxe6+ Kb6 36. Rxf5 Rg8 37. Rcf1 Rg2 38. R1f2 Rg6 39. Nf4 Rh6 40. Ne2
Bd6 41. Ng3 Rh8 42. Re2 Re7 43. Rxe7 Bxe7 44. Rf2 Rf8 45. Rxf8 Bxf8 46. Nf5 Kc7
47. Kb1 Kd7 48. Kc2 Ke6 49. Ne3 Bh6 50. Kd2 Bf4 51. h3 Kf7 52. Ke2 Bg5 53. Kf3
Kg6 54. Nd1 Kh5 55. Kg3 Bc1 56. Kf2 Kh4 57. Kf3 Kxh3 58. Nf2+ Kh4 59. Nd1 Kg5
60. Kg3 Bf4+ 61. Kf3 Bc1 62. Kg3 Kf5 63. Kf3 Ke6 64. Kg4 Kd6 65. Kf3 c5 66.
dxc5+ Kxc5 67. Kf2 d4 68. Ke2 d3+ 69. Kf3 Kd5 70. Kg4 Ke4 71. Kg3 Bh6 72. Kg2
d2 73. Kf2 Kd3 74. Kf1 Bg5 0-1

[Event "Chpt  de Mque"]
[Site "?"]
[Date "????.??.??"]
[Round "4"]
[White "HUBERVIC RENARD, B."]
[Black "MARIE MAGDELEINE, S."]
[Result "*"]
[WhiteElo "1350"]
[BlackElo "1460"]
[PlyCount "81"]

1. e4 c5 2. Nf3 Nc6 3. Bb5 Qc7 4. Nc3 e6 5. Bxc6 Qxc6 6. d4 cxd4 7. Nxd4 Qc4 8.
Bf4 a6 9. Qd3 Qxd3 10. cxd3 d6 11. e5 dxe5 12. Bxe5 Bd7 13. O-O f6 14. Bg3 Bc5
15. Nc2 f5 16. Be5 Kf7 17. d4 Be7 18. d5 exd5 19. Nxd5 Bd8 20. Bd4 Bb5 21. Rfe1
Ne7 22. Nf4 Nc6 23. Bc3 Ba5 24. Bxa5 Nxa5 25. b3 Rhe8 26. h3 Re4 27. Rxe4 fxe4
28. Re1 Re8 29. f3 g5 30. Nd5 exf3 31. Rxe8 Bxe8 32. g3 Nc6 33. g4 Ne5 34. Kf2
Bc6 35. Ndb4 Be4 36. Nd4 a5 37. Nbc2 Nc6 38. Nxc6 Bxc6 39. Nd4 Be4 40. Nxf3
Bxf3 41. Kxf3 *

[Event "Chpt de Mque"]
[Site "?"]
[Date "????.??.??"]
[Round "4"]
[White "Cidolit, N."]
[Black "Jesoph, E."]
[Result "*"]
[WhiteElo "1450"]
[BlackElo "1199"]
[PlyCount "52"]

1. d4 d5 2. Bf4 Nc6 3. Nc3 Nf6 4. Nb5 Bf5 5. Nxc7+ Kd7 6. Nxa8 Qxa8 7. e3 a6 8.
Nf3 e6 9. Ng5 Bg6 10. Bd3 Qe8 11. O-O h6 12. Nf3 Bd6 13. Bxd6 Kxd6 14. Bxg6
fxg6 15. Qd3 Ke7 16. Nh4 Ne4 17. f3 g5 18. fxe4 dxe4 19. Qxe4 gxh4 20. Qxh4+
Kd7 21. Rf2 Rg8 22. Qe4 Rf8 23. Rxf8 Qxf8 24. Rf1 Qg8 25. Qf3 Nd8 26. Qf8 {
les blancs gagnent quelques coups plus tard} Qxf8 *

[Event "Cht de Mque"]
[Site "?"]
[Date "????.??.??"]
[Round "4"]
[White "Desnel, D."]
[Black "Lirette, C."]
[Result "*"]
[WhiteElo "1420"]
[BlackElo "1199"]
[PlyCount "61"]

1. e4 e5 2. Nf3 d6 3. Bc4 Be7 4. h3 Nf6 5. Nc3 c6 6. d4 Nbd7 7. dxe5 dxe5 8.
Ng5 O-O 9. f4 b5 10. Bd3 h6 11. Nf3 exf4 12. Bxf4 Nc5 13. Rc1 Nxd3+ 14. cxd3
Bb4 15. O-O Re8 16. Ne5 Bb7 17. Ng4 a6 18. Bxh6 Nxg4 19. Qxg4 Bc5+ 20. Kh1 Bd4
21. Ne2 g6 22. Nf4 Qc8 23. Qg5 Be3 24. Qf6 Bd4 25. Qxd4 f6 26. Qxf6 Qd7 27.
Qxg6+ Kh8 28. Rf3 Rg8 29. Qh5 Qh7 30. Ne6 Rge8 31. Rf7 *

[Event "Cht de Mque"]
[Site "?"]
[Date "????.??.??"]
[Round "4"]
[White "Mongin, l"]
[Black "Marie Magdeleine, M."]
[Result "1/2-1/2"]
[WhiteElo "1300"]
[BlackElo "1420"]
[PlyCount "90"]

1. e4 e5 2. Nf3 d6 3. Bc4 Be7 4. Nc3 Nf6 5. h3 O-O 6. d3 Nc6 7. Be3 Na5 8. Bb3
Nxb3 9. axb3 a6 10. O-O Bd7 11. d4 exd4 12. Bxd4 c5 13. Bxf6 gxf6 14. Nd5 f5
15. e5 dxe5 16. Nxe5 Be6 17. Nxe7+ Qxe7 18. Qf3 Kh8 19. Rfe1 Rg8 20. Rad1 Rad8
21. Qc3 f6 22. Nd7 Qg7 23. Qxf6 Rxd7 24. Qxg7+ Rdxg7 25. Rxe6 Rxg2+ 26. Kf1
Rg1+ 27. Ke2 Rxd1 28. Kxd1 Rg1+ 29. Kd2 Rg2 30. Ke3 Rh2 31. Re5 Rxh3+ 32. f3
Rh5 33. Re7 Rh2 34. c4 Rxb2 35. Rxb7 a5 36. Rb5 Ra2 37. Rxc5 Ra3 38. Kf4 Rxb3
39. Rxa5 Rc3 40. Rxf5 Rxc4+ 41. Kg3 Kg7 42. Rg5+ Kf6 43. f4 h6 44. Re5 Kg6 45.
Kg4 Kf6 1/2-1/2

[Event "Cht De Mque"]
[Site "?"]
[Date "????.??.??"]
[Round "4"]
[White "Soime Radigoy , L."]
[Black "Deblay, T."]
[Result "1-0"]
[WhiteElo "1410"]
[BlackElo "1150"]
[Annotator "Standard"]
[PlyCount "97"]

1. e4 d6 2. d4 Nf6 3. Nc3 g6 4. Be2 Bg7 5. Nf3 Bg4 6. Be3 Nbd7 7. Ng5 Be6 8. d5
Bxd5 9. Nxd5 O-O 10. Rb1 c6 11. Nc3 b5 12. a3 a5 13. Bd3 a4 14. O-O h5 15. Nf3
Qc7 16. Qd2 Ng4 17. h3 Nxe3 18. Qxe3 Ne5 19. Rfd1 Nxf3+ 20. Qxf3 Rab8 21. g3 b4
22. Nxa4 Qa5 23. b3 bxa3 24. Bc4 a2 25. Ra1 Bxa1 26. Rxa1 Qxa4 27. bxa4 Rb1+
28. Rxb1 (28. Kg2 Rxa1 29. Qa3 Rb8 30. Bxa2 Kf8 31. a5) 28... axb1=Q+ 29. Kg2
Qxc2 30. Bb3 Qc1 31. Qd3 Kg7 32. Qd4+ f6 33. Qb6 Qb1 34. a5 Qxe4+ 35. Kh2 c5
36. Qc7 Qe5 37. a6 h4 38. Qc6 hxg3+ 39. fxg3 Qe2+ 40. Kg1 c4 41. Bxc4 Qe3+ 42.
Kg2 Qa7 43. Kf3 Qc5 44. Bd5 Qa7 45. Qb7 Qxb7 46. Bxb7 e5 47. a7 g5 48. a8=Q
Rxa8 49. Bxa8 {Les blancs gagnent quelques coups plus tard} 1-0

[Event "?"]
[Site "?"]
[Date "????.??.??"]
[Round "4"]
[White "Bingue, H."]
[Black "Jean Theodore, y"]
[Result "0-1"]
[WhiteElo "1210"]
[BlackElo "1420"]
[PlyCount "74"]

1. e4 e5 2. Nf3 Nc6 3. Bc4 Bc5 4. Nc3 Nf6 5. O-O O-O 6. d3 h6 7. Re1 d6 8. h3
a6 9. Be3 Ba7 10. Bxa7 Rxa7 11. Qd2 Re8 12. Nd5 Be6 13. Nxf6+ Qxf6 14. Bxe6
Qxe6 15. d4 Qf6 16. d5 Ne7 17. Rad1 Raa8 18. g4 Qxf3 19. Re3 Qf6 20. Kg2 Ng6
21. f3 Nf4+ 22. Kg3 b6 23. Ra3 a5 24. c4 Qg5 25. Rb3 Nh5+ 26. Kf2 Qxd2+ 27.
Rxd2 Nf4 28. Rd1 Nxh3+ 29. Kf1 Nf4 30. a4 g6 31. Re3 Kg7 32. b3 Rh8 33. Kf2 h5
34. gxh5 Rxh5 35. Rde1 Rh2+ 36. Kg3 Rg2+ 37. Kh4 Rh8# 0-1

[Event "Cht de Mque"]
[Site "?"]
[Date "????.??.??"]
[Round "4"]
[White "Milton, P."]
[Black "Riam, R."]
[Result "1-0"]
[WhiteElo "1090"]
[BlackElo "1370"]
[PlyCount "73"]

1. e4 e5 2. Nf3 d6 3. Nc3 Nf6 4. Bc4 Be7 5. O-O Bg4 6. d3 h6 7. Qe2 c6 8. b4
O-O 9. Qe3 Nh7 10. Bb2 Bf6 11. h3 Bh5 12. Ne2 Ng5 13. Nh2 Qd7 14. Ng3 Nxh3+ 15.
gxh3 Bg5 16. Qe1 Qxh3 17. Bc1 Bf4 18. Bxf4 exf4 19. Nxh5 Qxh5 20. f3 Nd7 21. d4
Rfe8 22. Kh1 g5 23. Qd2 Qg6 24. Qg2 Nf6 25. Bd3 Qg7 26. Rae1 Nh5 27. Kg1 Qxd4+
28. Rf2 b5 29. e5 Ng3 30. Qh3 Kg7 31. Ng4 Re6 32. Bf5 h5 33. Bxe6 fxe6 34. exd6
Qxd6 35. Re5 Kg6 36. Qh2 hxg4 37. fxg4 1-0

[Event "Cht de Mque"]
[Site "?"]
[Date "????.??.??"]
[Round "?"]
[White "Anglio, C."]
[Black "Cidolit, K."]
[Result "1-0"]
[WhiteElo "1099"]
[BlackElo "1009"]
[PlyCount "31"]

1. e4 e5 2. Nf3 Nc6 3. Nc3 Nf6 4. Bc4 h6 5. Bb5 d6 6. Bxc6+ bxc6 7. O-O Be7 8.
d3 O-O 9. Nh4 Bg4 10. Ne2 Bxe2 11. Qxe2 Nd7 12. Nf5 d5 13. Qg4 Bg5 14. f4 exf4
15. Bxf4 Bxf4 16. Qxg7# 1-0

[Event "?"]
[Site "?"]
[Date "????.??.??"]
[Round "4"]
[White "Mudard, F."]
[Black "Duclos, D'joan"]
[Result "1-0"]
[WhiteElo "1499"]
[BlackElo "1300"]
[PlyCount "65"]

1. e4 e5 2. Nf3 Nc6 3. Bc4 h6 4. Nc3 Nf6 5. O-O Nd4 6. Nxe5 Qe7 7. Nxf7 Rg8 8.
Nd6+ Qxd6 9. Bxg8 Nxg8 10. Re1 Qe5 11. d3 Bd6 12. g3 Qf6 13. Kf1 Bb4 14. Nd5
Qd6 15. c3 Bc5 16. cxd4 Bxd4 17. Bf4 Qc5 18. Rc1 Qa5 19. Nxc7+ Kf7 20. Nxa8
Bxb2 21. Qb3+ Ke8 22. Qxg8+ Ke7 23. Rxc8 Kf6 24. Rf8+ Kg6 25. Qf7+ Kh7 26. Qg8+
Kg6 27. Rb1 Bd4 28. Rxb7 Qa4 29. Rxa7 Qxa7 30. Kg2 Kh5 31. h3 g5 32. g4+ Kh4
33. Bg3# 1-0

[Event "?"]
[Site "?"]
[Date "????.??.??"]
[Round "?"]
[White "Germé , J."]
[Black "Delyon, A."]
[Result "1/2-1/2"]
[WhiteElo "1100"]
[BlackElo "1640"]
[PlyCount "58"]

1. e4 e5 2. Nf3 Nc6 3. Be2 Nf6 4. d3 Bc5 5. O-O d6 6. Nc3 Be6 7. Bg5 h6 8. Bd2
Qe7 9. b3 O-O-O 10. Qe1 Bg4 11. a3 Nd4 12. Nxd4 Bxd4 13. Bxg4+ Nxg4 14. Qe2 Qh4
15. h3 Nxf2 16. Rxf2 Qxf2+ 17. Qxf2 Bxf2+ 18. Kxf2 a6 19. Rf1 Rd7 20. Ke2 Rf8
21. Nd5 b6 22. a4 Kb7 23. c4 c6 24. Nc3 b5 25. Kf3 f6 26. g4 g6 27. Kg3 g5 28.
b4 Rff7 29. Be3 c5 1/2-1/2

[Event "Cht de Mque"]
[Site "?"]
[Date "????.??.??"]
[Round "4"]
[White "Aurignac"]
[Black "Jabbour"]
[Result "1-0"]
[WhiteElo "1499"]
[BlackElo "1199"]
[PlyCount "82"]

1. d4 d5 2. c4 Bf5 3. Nc3 Nf6 4. Bf4 e6 5. Nf3 Bb4 6. a3 Bxc3+ 7. bxc3 O-O 8.
e3 Ne4 9. Qb3 c6 10. Qxb7 Nd7 11. Rc1 Ndf6 12. Be2 Qa5 13. O-O Qxa3 14. Qxc6
Nxc3 15. Bd6 Nxe2+ 16. Kh1 Nxc1 17. Bxa3 Rfc8 18. Qxa8 Rxa8 19. Rxc1 a5 20. c5
Nd7 21. c6 Nb6 22. Ne5 a4 23. g4 f6 24. gxf5 fxe5 25. fxe6 exd4 26. exd4 Nc4
27. Re1 Nxa3 28. e7 Kf7 29. c7 Nc4 30. e8=Q+ Rxe8 31. Rxe8 Kxe8 32. c8=Q+ Kf7
33. Qb7+ Kg6 34. Qa6+ Kf5 35. Qxa4 Ke4 36. Qa1 g5 37. Qd1 h6 38. Kg1 Nd6 39.
Kf1 Nc4 40. Qg4+ Kd3 41. Ke1 h5 1-0